Nuestra causa es la humanidad (Record no. 187725)

MARC details
000 -LEADER
campo de control de longitud fija 00849nam a2200217 i 4500
001 - NÚMERO DE CONTROL
campo de control 187725
003 - IDENTIFICADOR DE NÚMERO DE CONTROL
campo de control ES-MaACL
005 - FECHA Y HORA DE LA ÚLTIMA TRANSACCIÓN
campo de control 20251014063303.0
008 - DATOS DE LONGITUD FIJA--INFORMACIÓN GENERAL
campo de control de longitud fija 180205s1965 sp |||| | spa d
100 1# - ENTRADA PRINCIPAL--NOMBRE DE PERSONA
Nombre de persona Humphrey, Hubert H.,
Fechas asociadas al nombre 1911-1978
9 (RLIN) 164189
245 10 - MENCIÓN DEL TÍTULO
Título Nuestra causa es la humanidad
Resto del título : síntesis de un programa liberal / Hubert H. Humphrey ; [traducción por Tomás Guillén Monforte].
260 ## - PUBLICACIÓN, DISTRIBUCIÓN, ETC.
Lugar de publicación, distribución, etc. Barcelona :
Nombre del editor, distribuidor, etc. Hispano Europea,
Fecha de publicación, distribución, etc. [1965]
300 ## - DESCRIPCIÓN FÍSICA
Extensión 149 p. ;
Dimensiones 21 cm.
490 1# - MENCIÓN DE SERIE
Mención de serie Colección Instituto de Estudios Europeos
651 #4 - PUNTO DE ACCESO ADICIONAL DE MATERIA--NOMBRE GEOGRÁFICO
Nombre geográfico Estados Unidos-
Subdivisión general Historia-
Subdivisión cronológica S.XX.
9 (RLIN) 8547
651 #4 - PUNTO DE ACCESO ADICIONAL DE MATERIA--NOMBRE GEOGRÁFICO
Nombre geográfico Estados Unidos-
Subdivisión general Situación social-
Subdivisión cronológica S.XX.
9 (RLIN) 164190
700 1# - ENTRADA AGREGADA--NOMBRE PERSONAL
Nombre de persona Guillén Monforte, Tomás.
9 (RLIN) 60787
830 1# - PUNTO DE ACCESO ADICIONAL DE SERIE-TÍTULO UNIFORME
Título uniforme Colección Instituto de Estudios Europeos
9 (RLIN) 225614
852 4# - LOCALIZACIÓN
Ubicación ES-MaACL
Número de control de estantería C-28770
Holdings
Estatus retirado Estado de pérdida Estado de daño No para préstamo Biblioteca de origen Biblioteca actual Ubicación en estantería Fecha de adquisición Fuente de adquisición Total de préstamos Signatura topográfica completa Código de barras Visto por última vez Precio de reemplazo Tipo de ítem Koha
        Biblioteca del Ateneo de Madrid Biblioteca del Ateneo de Madrid Depósito 2 05/02/2018     C-28770 1198314 23/02/2023 23/02/2023 Libro impreso